| 000 | 00439nam a22001697a 4500 | ||
|---|---|---|---|
| 003 | OSt | ||
| 005 | 20220908025630.0 | ||
| 008 | 160205b xxu||||| |||| 00| 0 eng d | ||
| 040 |
_aMMU _beng _cMMU _dMMU |
||
| 050 | _aPL8703.5 .S25 1976 | ||
| 100 | _aSaidi, M. | ||
| 245 |
_aFani mbalimbali za kiswahili/ _cM. Saidi. |
||
| 260 |
_aNairobi : _bLonghorn, _c1976. |
||
| 300 | _a87 p. : | ||
| 650 | _aFani za Kiswahili | ||
| 942 |
_2lcc _cLOAN LOAN |
||
| 999 |
_c16389 _d16389 |
||